000 01223nam0a22002651 4500
001 rc\4712770
005 20130416212428.0
021 _aRU
_b[67-19588]
035 _a(NLR Aleph) 008725011
090 _a9441579
_c9441579
100 _a20130416d1967 |||y0rusy50 ca
101 0 _arus
102 _aRU
105 _ay z |||||
200 1 _aНовая техника и технология в трикотажной промышленности
_eМатериалы к Краткосрочному семинару с 14 по 16 февр. 1967 г.
_fПод ред. канд. техн. наук С.Х. Симина
_gЛенингр. организация о-ва "Знание" РСФСР. Ленингр. дом науч.-техн. пропаганды
210 _aЛенинград
_cБ. и.
_d1967
215 _a120 с.
_d20
606 _aТрикотажное производство
_jСборники
_2psbo
702 1 _aСимин
_bС. Х.
_gСоломон Хононович
_4340
712 0 2 _aЛенинградский дом науч.-техн. пропаганды
_3RU\NLR\AUTH\889940416
801 0 _aRU
_bNLR
_gpsbo
801 1 _aRU
_bELAR
_2rusmarc
852 _aNLR
_j67-3/1891
942 _cBOOK
980 _aNB